Normal view
MARC view
- عبد الباقي، إبراهيم محمود
Entry Personal Name
001 - CONTROL NUMBER
- control field: 52499
003 - CONTROL NUMBER IDENTIFIER
- control field: JO-AjAnu
005 - DATE AND TIME OF LATEST TRANSACTION
- control field: 20230606082629.0
008 - FIXED-LENGTH DATA ELEMENTS
- fixed length control field: 230606|| aca||aabn | a|a d
040 ## - CATALOGING SOURCE
- Original cataloging agency: JO-AjAnu
- Transcribing agency: JO-AjAnu
100 ## - HEADING--PERSONAL NAME
- Personal name: عبد الباقي، إبراهيم محمود
670 ## - SOURCE DATA FOUND
- Source citation: Work cat.: (JO-AjAnu)26827: عبد الباقي، إبراهيم محمود, author, الخطاب العربي المعاصر: عوامل البناء الحضاري في الكتابات العربية 1990-1996